Guess the Fusion Rock Song Lyrics #201 - Statistics

General Stats
  • This quiz has been taken 9 times
  • The average score is 227 of 272
Answer Stats
Answer % Correct
a
100%
And
100%
and
100%
be
100%
could
100%
do
100%
I
100%
If
100%
if
100%
In
100%
in
100%
Just
100%
just
100%
like
100%
love
100%
me
100%
New
100%
night
100%
of
100%
on
100%
only
100%
Orleans
100%
so
100%
the
100%
this
100%
time
100%
to
100%
With
100%
you
100%
All
86%
can
86%
down
86%
Down
86%
here
86%
It's
86%
it's
86%
reminds
86%
Right
86%
right
86%
she
86%
She
86%
She's
86%
town
86%
your
86%
again
71%
been
71%
don't
71%
fallin
71%
full
71%
heart
71%
I'm
71%
long
71%
never
71%
Oh
71%
Please
71%
river
71%
sight
71%
that
71%
used
71%
are
57%
back
57%
bird
57%
cool
57%
dream
57%
falling
57%
glad
57%
moon
57%
rain
57%
rises
57%
Shining
57%
surprises
57%
There's
57%
trust
57%
dawn
43%
face
43%
feels
43%
people
43%
place
43%
Poco
43%
Pontchartrain
43%
shake
43%
singing
43%
southern
43%
spend
43%
through
43%
till
43%
waiting
43%
wake
43%
Anticipating
29%
carrying
29%
ringing
29%
still
29%
streets
29%
whoa
29%
Whoa
29%
Dixie
14%
loving
14%
Below
0%
mama
0%
No matching quizzes found
Score Distribution
Percent of People with Each Score
Percentile by Number Answered
Your Score History
You have not taken this quiz